مكتبة جامعة عجلون الوطنية

فهرس بحث المكتبة

Normal view MARC view
  • الاسلام - رسائل الرسول صلى الله علية وسلم

Entry Topical Term

Number of records used in: 1

001 - CONTROL NUMBER

  • control field: 8389

003 - CONTROL NUMBER IDENTIFIER

  • control field: JO-AjAnu

005 - DATE AND TIME OF LATEST TRANSACTION

  • control field: 20230606071644.0

008 - FIXED-LENGTH DATA ELEMENTS

  • fixed length control field: 230606|| aca||aabn | a|a d

040 ## - CATALOGING SOURCE

  • Original cataloging agency: JO-AjAnu
  • Transcribing agency: JO-AjAnu

150 ## - HEADING--TOPICAL TERM

  • Topical term or geographic name entry element: الاسلام - رسائل الرسول صلى الله علية وسلم

670 ## - SOURCE DATA FOUND

  • Source citation: Work cat.: (JO-AjAnu)4330: تاليف سند، محمد السعيد بن إبراهيم؛ خرج احاديثة أبو عبد الرحمن صلاح بن محمد بن عويضة, author 8388, العرائس الحسان في نفائس أحاديث سيد الأكولن